| 000 | 006570000a22001570004500 | ||
|---|---|---|---|
| 060 | _a100 | ||
| 082 | _a341.752 HEN | ||
| 100 | _aHenderson, Julian | ||
| 245 | _aForeign investment laws and agriculture : a study of the legislative and other measures taken by developing countries to attract and regulate foreign private investment, with special reference to agriculture, invluding forestry, fisheries and related indu | ||
| 260 | _aRome, Food andAgriculture Organization of the United Nat | ||
| 260 | _c1970 | ||
| 300 | _a219 | ||
| 490 | _aFAO legislative series | ||
| 650 | _aForeign investment laws/ domestic capital/ import control | ||
| 942 | _cBK | ||
| 999 |
_c356088 _d356088 |
||